| 000 | 00576nam a2200157 a 4500 | ||
|---|---|---|---|
| 001 | 000036772 | ||
| 005 | 20200930075928.0 | ||
| 008 | 120131s1979 dr 000 0 spa d | ||
| 040 |
_aDO-SdBNP _bspa _cBNPHU |
||
| 082 |
_axxx _bB681r |
||
| 100 | 1 |
_aBoin de Serulle, Jacqueline _963100 |
|
| 245 | 1 | 0 |
_aRelación entre el estado y la económia privada : _b¿Cómo se manifiesta esta relación en la Republica Dominicana? / _cJacqueline Boin de Serulle, José A. Serulle. |
| 260 |
_aSanto Domingo : _b[s.n], _c1979. |
||
| 300 |
_a48 p. ; _c22 cm. |
||
| 700 | 1 |
_aSerulle, José A. _963101 |
|
| 999 |
_c36263 _d36263 |
||